Lecciones de lógica y de filosofía moral (Record no. 159531)

MARC details
000 -LEADER
campo de control de longitud fija 00817nam a22001935i 4500
001 - NÚMERO DE CONTROL
campo de control 159531
003 - IDENTIFICADOR DE NÚMERO DE CONTROL
campo de control ES-MaACL
005 - FECHA Y HORA DE LA ÚLTIMA TRANSACCIÓN
campo de control 20251015063141.0
008 - DATOS DE LONGITUD FIJA--INFORMACIÓN GENERAL
campo de control de longitud fija 990703s1864 sp |||| | spa d
040 ## - FUENTE DE CATALOGACIÓN
Centro catalogador/agencia de origen AR
Lengua de catalogación spa
Centro/agencia transcriptor AR
100 1# - ENTRADA PRINCIPAL--NOMBRE DE PERSONA
Nombre de persona Mestres, Salvador,
Fechas asociadas al nombre m. 1879
9 (RLIN) 129877
245 10 - MENCIÓN DEL TÍTULO
Título Lecciones de lógica y de filosofía moral
Resto del título : dadas a los alumnos de esta asignatura en el Instituto de Segunda Enseñanza de Barcelona /
Mención de responsabilidad, etc. por el Dr. D. Salvador Mestres ...
260 ## - PUBLICACIÓN, DISTRIBUCIÓN, ETC.
Lugar de publicación, distribución, etc. Barcelona :
Nombre del editor, distribuidor, etc. [s.n.],
Fecha de publicación, distribución, etc. 1864 (
Fabricante Imprenta de los herederos de la Viuda Pla)
300 ## - DESCRIPCIÓN FÍSICA
Extensión 160 p. ;
Dimensiones 16 cm.
650 #4 - PUNTO DE ACCESO ADICIONAL DE MATERIA--TÉRMINO DE MATERIA
Término de materia o nombre geográfico como elemento de entrada Lógica.
9 (RLIN) 14693
650 #7 - PUNTO DE ACCESO ADICIONAL DE MATERIA--TÉRMINO DE MATERIA
Término de materia o nombre geográfico como elemento de entrada Ética
Fuente del encabezamiento o término embne
9 (RLIN) 12577
852 ## - LOCALIZACIÓN
Ubicación ES-MaACL
Número de control de estantería T-1296-F-5
Nota libre -- Enc. hol., conservando la enc. original
-- -- Enc. en un vol. facticio
-- .- Donat. Bosch
Holdings
Estatus retirado Estado de pérdida Estado de daño No para préstamo Colección Biblioteca de origen Biblioteca actual Ubicación en estantería Fecha de adquisición Total de préstamos Signatura topográfica completa Código de barras Visto por última vez Precio de reemplazo Tipo de ítem Koha
        Colección de folletos Biblioteca del Ateneo de Madrid Biblioteca del Ateneo de Madrid Depósito folletos 17/01/2008   T-1296-F-5 1167009 23/02/2023 23/02/2023 Folleto